| 000 | 00786nam a22002291c 4500 | ||
|---|---|---|---|
| 001 | 528369229 | ||
| 008 | 081112s1993 gw |||| 000u ger d | ||
| 020 |
_a3525335873 _93-525-33587-3 |
||
| 041 | _ager | ||
| 100 | 1 |
_aIggers, Georg G. _914235 |
|
| 245 | 0 | 0 |
_aGeschichtswissenschaft im 20. Jahrhundert : _bein kritischer Überblick im internationalen Zusammenhang / _cGeorg G. Iggers |
| 250 | _aNeuausg. | ||
| 264 |
_aGöttingen : _bVandenhoeck & Ruprecht, _c1993 |
||
| 300 | _a130 S. | ||
| 650 | 0 | _aGeschichtswissenschaft | |
| 856 | 4 | _uhttp://nbn-resolving.de/urn/resolver.pl?urn=urn:nbn:de:bvb:12-bsb00052968-7 | |
| 942 | _cMG | ||
| 040 | _cRU-10907106 | ||
| 003 | RU-10907106 | ||
| 999 |
_c49976 _d49976 |
||
| 490 | 0 |
_aKleine Vandenhoeck-Reihe _v1565 |
|
| 530 | _aAuch als Online-Ressource frei zugänglich | ||